| 000 | 00468nam a2200181Ia 4500 | ||
|---|---|---|---|
| 005 | 20250423095721.0 | ||
| 008 | 250422s9999 xx 000 0 und d | ||
| 020 | _a0201510308 | ||
| 050 | _aT 58.6 .A44/ | ||
| 100 | _aAlter, Steven. | ||
| 245 | 0 | _aInformation systems : a management perspective | |
| 260 | _aReading, Mass. | ||
| 260 | _bAddison-Wesley Pub. Co. | ||
| 260 | _c1991 | ||
| 300 | _a848 p | ||
| 650 | _aManagement information systems. | ||
| 942 | _cBK | ||
| 999 |
_c31117 _d31117 |
||